000 00312nam a2200133Ia 4500
008 230312s9999||||xx |||||||||||||| ||und||
082 _a616.995
_bTUL-T
100 _aTuli;S,M
245 0 _aTuberculosis of The Spine
260 _bTuli
_aindia
_c1975
300 _a163
650 _aMedical
_vRadiology
942 _cBK
999 _c3090
_d3090